|
|
|
|
| LEADER |
00000naa2a2200000 4500 |
| 001 |
449886 |
| 005 |
20231101083234.0 |
| 035 |
|
|
|a (RuTPU)RU\TPU\prd\112002
|
| 035 |
|
|
|a RU\TPU\prd\42877
|
| 090 |
|
|
|a 449886
|
| 100 |
|
|
|a 20110608a2006 k y0rusy50 ca
|
| 101 |
0 |
|
|a rus
|
| 102 |
|
|
|a RU
|
| 200 |
1 |
|
|a Возможное влияние землетрясений в Северном Тибете (2001г.) и близ о. Хоккайдо (2003) на процесс подготовки Алтайского землетрясения 2003 года
|f П. Г. Дядьков [и др.]
|
| 225 |
1 |
|
|a Геомеханика и геофизика
|
| 320 |
|
|
|a Библиогр.: 8 назв.
|
| 461 |
|
0 |
|0 (RuTPU)RU\TPU\prd\353
|x 1683-805X
|t Физическая мезомеханика
|f Институт физики прочности и материаловедения ; Российская академия наук (РАН), Сибирское отделение (СО), Институт физики прочности и материаловедения (ИФПМ)
|d 1998-
|
| 463 |
|
0 |
|0 (RuTPU)RU\TPU\prd\111981
|t Т. 9, № 1
|v с. 67-72
|d 2006
|
| 610 |
1 |
|
|a Центральная Азия
|
| 610 |
1 |
|
|a литосфера
|
| 610 |
1 |
|
|a трехмерные вязкоупругие модели
|
| 610 |
1 |
|
|a землетрясения
|
| 610 |
1 |
|
|a Северный Тибет
|
| 610 |
1 |
|
|a Алтайское землетрясение
|
| 610 |
1 |
|
|a влияние
|
| 610 |
1 |
|
|a численное моделирование
|
| 610 |
1 |
|
|a деформации
|
| 610 |
1 |
|
|a смещение
|
| 610 |
1 |
|
|a Горный Алтай
|
| 610 |
1 |
|
|a обсуждение результатов
|
| 701 |
|
1 |
|a Дядьков
|b П. Г.
|
| 701 |
|
1 |
|a Назаров
|b Л. А.
|
| 701 |
|
1 |
|a Назарова
|b Л. А.
|
| 701 |
|
1 |
|a Михеева
|b А. В.
|
| 701 |
|
1 |
|a Кузнецова
|b Ю. М.
|
| 801 |
|
1 |
|a RU
|b 63413507
|c 20060420
|g PSBO
|
| 801 |
|
2 |
|a RU
|b 63413507
|c 20140222
|g RCR
|
| 942 |
|
|
|c BK
|